Library Banner

پاکستان کی سیاسی جماعتیں اور تحریکیں (Record no. 75734)

MARC details
000 -LEADER
fixed length control field 00445nam a22001457a 4500
005 - DATE AND TIME OF LATEST TRANSACTION
control field 20150914123326.0
008 - FIXED-LENGTH DATA ELEMENTS--GENERAL INFORMATION
fixed length control field 150914b xxu||||| |||| 00| 0 eng d
040 ## - CATALOGING SOURCE
Transcribing agency PK-LaUMT
082 ## - DEWEY DECIMAL CLASSIFICATION NUMBER
Classification number KHC 306.26
Item number HAF-P
100 ## - MAIN ENTRY--PERSONAL NAME
Personal name حافظ تقی الدین
245 ## - TITLE STATEMENT
Title پاکستان کی سیاسی جماعتیں اور تحریکیں
Statement of responsibility, etc حافظ تقی الدین
260 ## - PUBLICATION, DISTRIBUTION, ETC. (IMPRINT)
Place of publication, distribution, etc لاہور
Name of publisher, distributor, etc فکشن ہاوس
Date of publication, distribution, etc 1995
300 ## - PHYSICAL DESCRIPTION
Extent 600 ص
942 ## - ADDED ENTRY ELEMENTS (KOHA)
Koha item type Books
Holdings
Withdrawn status Lost status Damaged status Home library Current library Date acquired Full call number Barcode Date last seen Price effective from Koha item type
      UMT Main Campus UMT Main Campus 2015-09-14 KHC 306.26 HAF-P 70958 2019-02-09 2015-09-14 Books